• 首页
  • 本馆介绍
  • 公告通知
  • 最新文献
  • 馆藏检索
  • 电子资源
  • 读者导购
  • 参考咨询
  • 我的图书馆
  • 登录
  • 详细信息显示
  • 放入我的书架
  • 预约/预借图书
  • 作者相关作品
  • 分类相关作品
  • 丛书相关作品
  • 出版社相关作品

书目信息

  • 表格格式
  • 工作单格式
  • 卡片格式
题名:
开发自我
    
 
作者: 高云鹏 荆其诚
分册:  
出版信息: 长沙   湖南教育出版社  1999
页数: 218
开本: 20cm
丛书名:
单 册:
中图分类: Q189
科图分类:
主题词: 寄生物--生物学
电子资源:
ISBN: 7-5355-2619-5
000 00596nam0 2200193 450
001 0741144344
005 20070817112544.34
010    @a7-5355-2619-5@d¥11.50
100    @a20070817d km y0chiy0120 ea
101 0  @achi
200 1  @a开发自我@Akai fa zi wo@e脑、社会和心理@f高云鹏 荆其诚@Fgao yun peng jing qi cheng
210    @a长沙@c湖南教育出版社@d1999
215    @a218@d20cm
517 1  @a脑、社会和心理@Anao、she hui he xin li
606 0  @a寄生物@x生物学
690    @aQ189@v3
701  0 @a高云鹏 荆其诚@Agao yun peng jing qi cheng
801  0 @aCN@bPFT@c20070817
905    @a213230@dQ189@en2@f1
    
    开发自我:脑、社会和心理/高云鹏 荆其诚.-长沙:湖南教育出版社,1999
    218;20cm
    
    
    ISBN 7-5355-2619-5:¥11.50
    
●
相关链接 在E读中查询图书 在五车中查询图书 在当当中查询图书 在豆瓣中查询图书


正题名:开发自我     索取号:Q189/n2         预约/预借

序号 登录号 条形码 馆藏地/架位号 状态 备注
1 6600086   266000864   生命科学系资料室/ [索取号:Q189/n2] 在馆    
唐山师范学院图书馆 欢迎您!
大连网信软件有限公司© 版权所有